| 000 | 00481nam a2200205Ia 4500 | ||
|---|---|---|---|
| 003 | OSt | ||
| 005 | 20230227121751.0 | ||
| 008 | 210210b1986 xxu||||| |||| 00| 0 eng d | ||
| 040 | _cAL | ||
| 041 | _aEnglish | ||
| 082 | _a657.46 MEHI | ||
| 100 |
_aMEHROTRA (H C) _973466 |
||
| 245 | _aIncome tax: law and accounts | ||
| 250 | _a23 | ||
| 260 |
_aAgra. _bSahitya Bhavan _c1986 |
||
| 300 | _aviii,556,84,xi | ||
| 690 |
_aIncome Tax _973467 |
||
| 906 | _a038000 | ||
| 942 |
_2ddc _cBK |
||
| 999 |
_c88198 _d88198 |
||